MARC details
| 000 -CABECERA |
| campo de control de longitud fija |
01292nam a2200313 i 4500 |
| 001 - NÚMERO DE CONTROL |
| campo de control |
000027171 |
| 003 - IDENTIFICADOR DEL NÚMERO DE CONTROL |
| campo de control |
DO-SdBNP |
| 005 - FECHA Y HORA DE LA ÚLTIMA TRANSACCIÓN |
| campo de control |
20240930125901.0 |
| 007 - CAMPO FIJO DE DESCRIPCIÓN FÍSICA--INFORMACIÓN GENERAL |
| campo de control de longitud fija |
ta |
| 008 - DATOS DE LONGITUD FIJA--INFORMACIÓN GENERAL |
| campo de control de longitud fija |
110330s1981 dr ac 001 0 spa d |
| 040 ## - FUENTE DE LA CATALOGACIÓN |
| Centro catalogador/agencia de origen |
DO-SdBNP |
| Lengua de catalogación |
spa |
| Centro/agencia transcriptor |
BNPHU |
| Normas de descripción |
rda |
| 082 ## - NÚMERO DE LA CLASIFICACIÓN DECIMAL DEWEY |
| Número de clasificación |
917.29323 |
| Número de documento/Ítem |
I62i |
| Número de edición |
22 |
| 245 00 - MENCIÓN DE TÍTULO |
| Título |
Investigaciones en las islas Beata y Alto Velo / |
| Mención de responsabilidad, etc. |
introducción Bernardo Vega ; edición José Chez Checo. |
| 264 ## - PRODUCCIÓN, PUBLICACIÓN, DISTRIBUCIÓN, FABRICACIÓN Y COPYRIGHT |
| Producción, publicación, distribución, fabricación y copyright |
Santo Domingo : |
| Nombre del de productor, editor, distribuidor, fabricante |
Museo del Hombre Dominicano |
| -- |
Marina de Guerra, |
| Fecha de producción, publicación, distribución, fabricación o copyright |
1981. |
| 300 ## - DESCRIPCIÓN FÍSICA |
| Extensión |
248 páginas : |
| Otras características físicas |
ilustraciones retratos. ; |
| Dimensiones |
21 cm. |
| 336 ## - TIPO DE CONTENIDO |
| Término de tipo de contenido |
rdacontent |
| Código de tipo de contenido |
texto |
| Fuente |
txt |
| 337 ## - TIPO DE MEDIO |
| Nombre/término del tipo de medio |
rdamedia |
| Código del tipo de medio |
sin mediación |
| Fuente |
n |
| 338 ## - TIPO DE SOPORTE |
| Código del tipo de soporte |
rdacarrier |
| Número de control del registro de autoridad o número normalizado |
volumen |
| Fuente |
nc |
| 490 1# - MENCIÓN DE SERIE |
| Mención de serie |
Investigaciones antropológicas |
| Designación de volumen o secuencia |
18 |
| 504 ## - NOTA DE BIBLIOGRAFÍA, ETC. |
| Nota de bibliografía, etc. |
Incluye bibliografía y notas al pie de las páginas y al final de capítulos. |
| 650 #4 - PUNTO DE ACCESO ADICIONAL DE MATERIA--TÉRMINO DE MATERIA |
| Término de materia o nombre geográfico como elemento de entrada |
Expediciones científicas |
| Subdivisión geográfica |
Pedernales (República Dominicana{Rpara} |
| 9 (RLIN) |
54232 |
| 651 #4 - PUNTO DE ACCESO ADICIONAL DE MATERIA--NOMBRE GEOGRÁFICO |
| Nombre geográfico |
Beata (Isla{Rpara} |
| Subdivisión general |
Descripciones Y Viajes |
| 9 (RLIN) |
54233 |
| 651 #4 - PUNTO DE ACCESO ADICIONAL DE MATERIA--NOMBRE GEOGRÁFICO |
| Nombre geográfico |
Alto Velo (Isla{Rpara} |
| Subdivisión general |
Descripciones Y Viajes |
| 9 (RLIN) |
54234 |
| 700 12 - PUNTO DE ACCESO ADICIONAL--NOMBRE DE PERSONA |
| Nombre de persona |
Chez Checo, José, |
| Fechas asociadas al nombre |
1949- |
| Término indicativo de función/relación |
editor |
| 9 (RLIN) |
10145 |
| 700 12 - PUNTO DE ACCESO ADICIONAL--NOMBRE DE PERSONA |
| Nombre de persona |
Vega, Bernardo, |
| Fechas asociadas al nombre |
1938 - |
| Término indicativo de función/relación |
introd. |
| 9 (RLIN) |
3222 |
| 830 #0 - PUNTO DE ACCESO ADICIONAL DE SERIE-TÍTULO UNIFORME |
| Título uniforme |
Investigaciones antropológicas |
| Número de parte o sección de la obra |
18 |
| 9 (RLIN) |
54235 |
| 910 ## - DATOS DE OPCIÓN DEL USUARIO (OCLC) |
| Datos de opción del usuario |
Validado. Control de calidad EMS |
| 942 ## - ELEMENTOS DE PUNTO DE ACCESO ADICIONAL (KOHA) |
| Fuente del sistema de clasificación o colocación |
Dewey Decimal Classification |
| Tipo de ítem Koha |
Libro |